|
|
|
|
| LEADER |
01149nam a2200289 a 4500 |
| 001 |
013421006 |
| 008 |
101219s2006 enka b 001 0 eng d |
| 999 |
|
|
|c 10271
|d 10271
|
| 020 |
|
|
|a 9781856694803
|
| 020 |
|
|
|a 1856694801 (pbk.)
|
| 040 |
|
|
|a StDuBDS
|c UkOxU
|d Uk
|d BD-DhAAL
|
| 082 |
0 |
4 |
|a 721.044
|2 22
|
| 100 |
|
|
|a Bell, Victoria Ballard.
|9 32210
|
| 245 |
0 |
0 |
|a Materials for architectural design /
|c Victoria Ballard Bell, Patrick Rand.
|
| 260 |
|
|
|a London :
|b Laurence King,
|c c2006.
|
| 300 |
|
|
|a 270 p. :
|b ill. (some col.) ;
|c 28 cm.
|
| 500 |
|
|
|a Formerly CIP.
|5 Uk
|
| 504 |
|
|
|a Includes bibliographical references and index.
|
| 526 |
|
|
|a ARC
|
| 541 |
1 |
|
|e 00021647
|
| 650 |
|
0 |
|a Building materials.
|9 32211
|
| 650 |
|
0 |
|a Architectural design.
|9 32212
|
| 650 |
|
0 |
|a Architecture, Modern
|y 20th century
|v Case studies.
|9 32213
|
| 700 |
1 |
|
|a Rand, Patrick,
|d 1950-
|9 32214
|
| 852 |
4 |
|
|a Ayesha Abed library
|c General Shelf.
|
| 942 |
0 |
0 |
|0 2
|2 ddc
|c BK
|
| 952 |
|
|
|0 0
|1 0
|2 ddc
|4 0
|6 721_044000000000000_BEL
|7 0
|9 13721
|a BRACUL
|b BRACUL
|c GEN
|d 2011-01-02
|e Zeenat Book Supply Ltd.
|g 3770.00
|l 20
|m 109
|o 721.044 BEL
|p 3010021647
|r 2024-06-10
|s 2024-06-03
|t 1
|w 2011-01-02
|y BK
|